<?xml version="1.0" encoding="UTF-8"?>
<record
    xmlns:xsi="http://www.w3.org/2001/XMLSchema-instance"
    xsi:schemaLocation="http://www.loc.gov/MARC21/slim http://www.loc.gov/standards/marcxml/schema/MARC21slim.xsd"
    xmlns="http://www.loc.gov/MARC21/slim">

  <leader>01704nam a22003017a 4500</leader>
  <controlfield tag="001">1531</controlfield>
  <controlfield tag="003">FISKH</controlfield>
  <controlfield tag="005">20250530114749.0</controlfield>
  <controlfield tag="008">230904b        cb ||||| |||| 00| 0 khr d</controlfield>
  <datafield tag="022" ind1=" " ind2=" ">
    <subfield code="2">9789995054724</subfield>
  </datafield>
  <datafield tag="040" ind1=" " ind2=" ">
    <subfield code="a">FISKH </subfield>
    <subfield code="b">eng </subfield>
    <subfield code="c">FISKH </subfield>
    <subfield code="d">FISKH </subfield>
  </datafield>
  <datafield tag="082" ind1=" " ind2=" ">
    <subfield code="a">363.70525</subfield>
  </datafield>
  <datafield tag="100" ind1=" " ind2=" ">
    <subfield code="a">Sarith, Huot </subfield>
  </datafield>
  <datafield tag="245" ind1=" " ind2=" ">
    <subfield code="a">&#x179F;&#x17D2;&#x179C;&#x17C2;&#x1784;&#x1799;&#x179B;&#x17CB;&#x1796;&#x17B8;&#x1794;&#x179A;&#x17B7;&#x179F;&#x17D2;&#x1790;&#x17B6;&#x1793;&#x1799;&#x17BE;&#x1784; / </subfield>
    <subfield code="c">&#x1793;&#x17B7;&#x1796;&#x1793;&#x17D2;&#x1792;&#x178A;&#x17C4;&#x1799; &#x17A0;&#x17BD;&#x178F; &#x179F;&#x17B6;&#x179A;&#x17B7;&#x1791;&#x17D2;&#x1792; &#x1793;&#x17B7;&#x1784; Anne-Laure Poree </subfield>
  </datafield>
  <datafield tag="250" ind1=" " ind2=" ">
    <subfield code="a">&#x1794;&#x17C4;&#x17C7;&#x1796;&#x17BB;&#x1798;&#x17D2;&#x1796;&#x179B;&#x17BE;&#x1780;&#x1791;&#x17B8; &#x17E7; &#x1780;&#x1789;&#x17D2;&#x1789;&#x17B6; &#x17E2;&#x17E0;&#x17E2;&#x17E1;</subfield>
  </datafield>
  <datafield tag="260" ind1=" " ind2=" ">
    <subfield code="a">Phnom Penh : </subfield>
    <subfield code="b">Sipar, </subfield>
    <subfield code="c">2021.</subfield>
  </datafield>
  <datafield tag="300" ind1=" " ind2=" ">
    <subfield code="a">60 pages : </subfield>
    <subfield code="b">color illustrations ; </subfield>
    <subfield code="c">20 cm</subfield>
  </datafield>
  <datafield tag="490" ind1=" " ind2=" ">
    <subfield code="a">&#x1781;&#x17D2;&#x1789;&#x17BB;&#x17C6;&#x1785;&#x1784;&#x17CB;&#x178A;&#x17B9;&#x1784;</subfield>
  </datafield>
  <datafield tag="505" ind1=" " ind2=" ">
    <subfield code="a">Z'
</subfield>
  </datafield>
  <datafield tag="520" ind1=" " ind2=" ">
    <subfield code="a">&#x179F;&#x17D2;&#x179C;&#x17C2;&#x1784;&#x1799;&#x179B;&#x17CB;&#x1796;&#x17B8;&#x1794;&#x179A;&#x17B7;&#x179F;&#x17D2;&#x1790;&#x17B6;&#x1793;&#x179A;&#x1794;&#x179F;&#x17CB;&#x1799;&#x17BE;&#x1784; &#x1795;&#x17D2;&#x178F;&#x179B;&#x17CB;&#x1796;&#x17D0;&#x178F;&#x17CC;&#x1798;&#x17B6;&#x1793;&#x17A2;&#x17C6;&#x1796;&#x17B8;&#x1794;&#x179A;&#x17B7;&#x179F;&#x17D2;&#x1790;&#x17B6;&#x1793;&#x179C;&#x17B7;&#x1791;&#x17D2;&#x1799;&#x17B6;&#x1787;&#x17BB;&#x17C6;&#x179C;&#x17B7;&#x1789; &#x1780;&#x17B6;&#x179A;&#x1794;&#x17C6;&#x1795;&#x17D2;&#x179B;&#x17B7;&#x1785;&#x1794;&#x17C6;&#x1795;&#x17D2;&#x179B;&#x17B6;&#x1789; &#x1793;&#x17B7;&#x1784;&#x17A5;&#x1791;&#x17D2;&#x1792;&#x17B7;&#x1796;&#x179B;&#x1793;&#x17C3;&#x1794;&#x17D2;&#x179A;&#x1796;&#x17D0;&#x1793;&#x17D2;&#x1792;&#x17A2;&#x17C1;&#x1780;&#x17BC;&#x17A1;&#x17BC;&#x179F;&#x17CA;&#x17B8; &#x1780;&#x17CF;&#x178A;&#x17BC;&#x1785;&#x1787;&#x17B6;&#x179C;&#x17B7;&#x1792;&#x17B8;&#x1787;&#x17BD;&#x1799;&#x1794;&#x179A;&#x17B7;&#x179F;&#x17D2;&#x1790;&#x17B6;&#x1793;&#x179A;&#x1794;&#x179F;&#x17CB;&#x1799;&#x17BE;&#x1784;&#x1798;&#x1780;&#x179C;&#x17B7;&#x1789;&#x17D4;&#x200B; </subfield>
  </datafield>
  <datafield tag="520" ind1=" " ind2=" ">
    <subfield code="a">Discover our Environment gives the information about surrounding ecology, ecological destruction and effect as well as the way to help our environment back.</subfield>
  </datafield>
  <datafield tag="650" ind1=" " ind2=" ">
    <subfield code="a">&#x1794;&#x179A;&#x17B7;&#x17B6;&#x179F;&#x17D2;&#x1790;&#x17B6;&#x1793; </subfield>
    <subfield code="v">&#x1780;&#x17B6;&#x179A;&#x1794;&#x17C6;&#x1795;&#x17D2;&#x179B;&#x17B7;&#x1785;&#x1794;&#x17C6;&#x1795;&#x17D2;&#x179B;&#x17B6;&#x1789;</subfield>
    <subfield code="x">&#x1780;&#x17B6;&#x179A;&#x1780;&#x17B6;&#x179A;&#x1796;&#x17B6;&#x179A; </subfield>
  </datafield>
  <datafield tag="650" ind1=" " ind2=" ">
    <subfield code="a">Environment </subfield>
    <subfield code="v">Destruction </subfield>
    <subfield code="x">Prevention </subfield>
  </datafield>
  <datafield tag="700" ind1=" " ind2=" ">
    <subfield code="a">Poree, Anne-Laure </subfield>
    <subfield code="e">Author </subfield>
  </datafield>
  <datafield tag="700" ind1=" " ind2=" ">
    <subfield code="a">Rotha, Ouk  </subfield>
    <subfield code="e">illustrator </subfield>
  </datafield>
  <datafield tag="700" ind1=" " ind2=" ">
    <subfield code="a">Ronareak, Mao</subfield>
    <subfield code="e">illustrator </subfield>
  </datafield>
  <datafield tag="942" ind1=" " ind2=" ">
    <subfield code="2">ddc</subfield>
    <subfield code="c">BK</subfield>
    <subfield code="n">0</subfield>
  </datafield>
  <datafield tag="999" ind1=" " ind2=" ">
    <subfield code="c">1531</subfield>
    <subfield code="d">1531</subfield>
  </datafield>
  <datafield tag="952" ind1=" " ind2=" ">
    <subfield code="0">0</subfield>
    <subfield code="1">0</subfield>
    <subfield code="2">ddc</subfield>
    <subfield code="4">0</subfield>
    <subfield code="7">0</subfield>
    <subfield code="8">KHMERNF</subfield>
    <subfield code="a">001</subfield>
    <subfield code="b">001</subfield>
    <subfield code="c">RHTK2</subfield>
    <subfield code="d">2023-09-04</subfield>
    <subfield code="l">0</subfield>
    <subfield code="o">SAR 363.70525</subfield>
    <subfield code="p">2023-0468</subfield>
    <subfield code="r">2023-09-04 10:16:54</subfield>
    <subfield code="t">1</subfield>
    <subfield code="w">2023-09-04</subfield>
    <subfield code="y">KHB</subfield>
  </datafield>
  <datafield tag="952" ind1=" " ind2=" ">
    <subfield code="0">0</subfield>
    <subfield code="1">0</subfield>
    <subfield code="2">ddc</subfield>
    <subfield code="4">0</subfield>
    <subfield code="7">0</subfield>
    <subfield code="8">KHMERNF</subfield>
    <subfield code="a">001</subfield>
    <subfield code="b">001</subfield>
    <subfield code="c">RHTK2</subfield>
    <subfield code="d">2023-09-04</subfield>
    <subfield code="l">0</subfield>
    <subfield code="o">SAR 363.70525</subfield>
    <subfield code="p">2023-0469</subfield>
    <subfield code="r">2023-09-04 10:17:02</subfield>
    <subfield code="t">2</subfield>
    <subfield code="w">2024-03-26</subfield>
    <subfield code="y">KHB</subfield>
  </datafield>
  <datafield tag="952" ind1=" " ind2=" ">
    <subfield code="0">0</subfield>
    <subfield code="1">0</subfield>
    <subfield code="2">ddc</subfield>
    <subfield code="4">0</subfield>
    <subfield code="7">0</subfield>
    <subfield code="8">KHMERNF</subfield>
    <subfield code="a">001</subfield>
    <subfield code="b">001</subfield>
    <subfield code="c">OKHR</subfield>
    <subfield code="d">2024-03-26</subfield>
    <subfield code="l">0</subfield>
    <subfield code="o">SAR 363.70525</subfield>
    <subfield code="p">FISTK03720</subfield>
    <subfield code="r">2024-03-26 14:18:43</subfield>
    <subfield code="t">3</subfield>
    <subfield code="w">2024-03-26</subfield>
    <subfield code="y">KHB</subfield>
  </datafield>
  <datafield tag="952" ind1=" " ind2=" ">
    <subfield code="0">0</subfield>
    <subfield code="1">0</subfield>
    <subfield code="2">ddc</subfield>
    <subfield code="4">0</subfield>
    <subfield code="7">0</subfield>
    <subfield code="8">KHMERNF</subfield>
    <subfield code="a">001</subfield>
    <subfield code="b">001</subfield>
    <subfield code="c">OKHR</subfield>
    <subfield code="d">2024-03-26</subfield>
    <subfield code="l">0</subfield>
    <subfield code="o">SAR 363.70525</subfield>
    <subfield code="p">FISTK03721</subfield>
    <subfield code="r">2024-06-04 14:12:48</subfield>
    <subfield code="t">4</subfield>
    <subfield code="w">2024-03-26</subfield>
    <subfield code="y">KHB</subfield>
  </datafield>
  <datafield tag="952" ind1=" " ind2=" ">
    <subfield code="0">0</subfield>
    <subfield code="1">0</subfield>
    <subfield code="2">ddc</subfield>
    <subfield code="4">0</subfield>
    <subfield code="7">0</subfield>
    <subfield code="8">KHMERNF</subfield>
    <subfield code="a">002</subfield>
    <subfield code="b">002</subfield>
    <subfield code="c">SKB</subfield>
    <subfield code="d">2024-03-26</subfield>
    <subfield code="l">0</subfield>
    <subfield code="o">SAR 363.70525</subfield>
    <subfield code="p">FIS01540</subfield>
    <subfield code="r">2024-09-20 12:03:46</subfield>
    <subfield code="t">5</subfield>
    <subfield code="w">2024-03-26</subfield>
    <subfield code="y">KHB</subfield>
  </datafield>
  <datafield tag="952" ind1=" " ind2=" ">
    <subfield code="0">0</subfield>
    <subfield code="1">0</subfield>
    <subfield code="2">ddc</subfield>
    <subfield code="4">0</subfield>
    <subfield code="7">0</subfield>
    <subfield code="8">KHMERNF</subfield>
    <subfield code="a">002</subfield>
    <subfield code="b">001</subfield>
    <subfield code="c">TTP Khmer</subfield>
    <subfield code="d">2024-03-26</subfield>
    <subfield code="l">1</subfield>
    <subfield code="o">SAR 363.70525</subfield>
    <subfield code="p">FIS03331</subfield>
    <subfield code="q">2026-02-06</subfield>
    <subfield code="r">2026-01-23 16:25:02</subfield>
    <subfield code="s">2026-01-23</subfield>
    <subfield code="t">6</subfield>
    <subfield code="w">2024-03-26</subfield>
    <subfield code="y">KHB</subfield>
  </datafield>
  <datafield tag="952" ind1=" " ind2=" ">
    <subfield code="0">0</subfield>
    <subfield code="1">0</subfield>
    <subfield code="2">ddc</subfield>
    <subfield code="4">0</subfield>
    <subfield code="7">0</subfield>
    <subfield code="8">KHMERNF</subfield>
    <subfield code="a">002</subfield>
    <subfield code="b">002</subfield>
    <subfield code="c">SKB</subfield>
    <subfield code="d">2025-03-11</subfield>
    <subfield code="l">0</subfield>
    <subfield code="o">SAR 363.70525</subfield>
    <subfield code="p">FIS05049</subfield>
    <subfield code="r">2025-03-11 15:47:04</subfield>
    <subfield code="t">7</subfield>
    <subfield code="w">2025-03-11</subfield>
    <subfield code="y">KHB</subfield>
  </datafield>
  <datafield tag="952" ind1=" " ind2=" ">
    <subfield code="0">0</subfield>
    <subfield code="1">0</subfield>
    <subfield code="2">ddc</subfield>
    <subfield code="4">0</subfield>
    <subfield code="7">0</subfield>
    <subfield code="8">KHMERNF</subfield>
    <subfield code="a">002</subfield>
    <subfield code="b">002</subfield>
    <subfield code="c">SKB</subfield>
    <subfield code="d">2025-04-02</subfield>
    <subfield code="l">0</subfield>
    <subfield code="o">SAR 363.70525</subfield>
    <subfield code="p">FIS03960</subfield>
    <subfield code="r">2025-04-02 08:55:04</subfield>
    <subfield code="t">8</subfield>
    <subfield code="w">2025-04-02</subfield>
    <subfield code="y">KHB</subfield>
  </datafield>
  <datafield tag="952" ind1=" " ind2=" ">
    <subfield code="0">0</subfield>
    <subfield code="1">0</subfield>
    <subfield code="2">ddc</subfield>
    <subfield code="4">0</subfield>
    <subfield code="7">0</subfield>
    <subfield code="8">KHMERNF</subfield>
    <subfield code="a">002</subfield>
    <subfield code="b">002</subfield>
    <subfield code="c">TTP Khmer</subfield>
    <subfield code="d">2025-04-02</subfield>
    <subfield code="l">0</subfield>
    <subfield code="o">SAR 363.70525</subfield>
    <subfield code="p">FISSE02313</subfield>
    <subfield code="r">2025-04-02 09:04:12</subfield>
    <subfield code="t">9</subfield>
    <subfield code="w">2025-04-02</subfield>
    <subfield code="y">KHB</subfield>
  </datafield>
  <datafield tag="952" ind1=" " ind2=" ">
    <subfield code="0">0</subfield>
    <subfield code="1">0</subfield>
    <subfield code="2">ddc</subfield>
    <subfield code="4">0</subfield>
    <subfield code="7">0</subfield>
    <subfield code="8">KHMERNF</subfield>
    <subfield code="a">002</subfield>
    <subfield code="b">002</subfield>
    <subfield code="c">SKB</subfield>
    <subfield code="d">2025-11-21</subfield>
    <subfield code="l">0</subfield>
    <subfield code="o">SAR 363.70525</subfield>
    <subfield code="p">2025-4868</subfield>
    <subfield code="r">2025-11-21 09:58:57</subfield>
    <subfield code="t">10</subfield>
    <subfield code="w">2025-11-21</subfield>
    <subfield code="y">KHB</subfield>
  </datafield>
  <datafield tag="952" ind1=" " ind2=" ">
    <subfield code="0">0</subfield>
    <subfield code="1">0</subfield>
    <subfield code="2">ddc</subfield>
    <subfield code="4">0</subfield>
    <subfield code="7">0</subfield>
    <subfield code="8">KHMERNF</subfield>
    <subfield code="a">002</subfield>
    <subfield code="b">002</subfield>
    <subfield code="c">SKB</subfield>
    <subfield code="d">2026-04-09</subfield>
    <subfield code="l">0</subfield>
    <subfield code="o">SAR 363.70525</subfield>
    <subfield code="p">2026-0486</subfield>
    <subfield code="r">2026-04-09 11:37:20</subfield>
    <subfield code="t">11</subfield>
    <subfield code="w">2026-04-09</subfield>
    <subfield code="y">KHB</subfield>
  </datafield>
</record>
